00666nam a2200169 a 450000100100000000500170001000800410002702000150006804000250008324500730010826000590018130000200024049000530026083000600031395201060037399900170047900004050020201002034155.0130826s2002 mx 000 0 spa d a9703201547 aDO-SdBNPbspacBNPHU03aImposición de la medalla Isidro Fabela a Baltasar Garzón Real /. aMéxico :bUniversidad Autónoma de México,c2002. a12 p. ;c22 cm.1 aLecturas jurídicasaDerechos y sus maestrosv2 0aLecturas jurídicaspDerechos y sus maestrosn2966810 0010507-18MOaGRbGRcOId2013-08-26iLF1l0o p40500-10r2020-06-25w2020-06-25y1ZNo se presta c39990d39990